Visualizzazione normale
Vista MARC
- Buxtehude Dietrich
di Personal Name
Records bibliografici associati: 1
001 - CONTROL NUMBER
- control field: 8025
003 - CONTROL NUMBER IDENTIFIER
- control field: IT-RoPau
005 - DATE AND TIME OF LATEST TRANSACTION
- control field: 20140107153100.0
008 - FIXED-LENGTH DATA ELEMENTS
- fixed length control field: 140107|| aca||aabn | a|a d
040 ## - CATALOGING SOURCE
- Original cataloging agency: IT-RoPau
- Transcribing agency: IT-RoPau
100 ## - HEADING--PERSONAL NAME
- Personal name: Buxtehude Dietrich
- Dates associated with a name: Codice autore musica SPICS: 14345
- Relator term: Autore musica
- Name of part/section of a work: Wie Schon Leuchtet Der Morgenstern
670 ## - SOURCE DATA FOUND
- Source citation: Work cat.: (IT-RoPau)99788: AA.VV. 794, Kleinorgel Historic Cabinet and Portable Organs (Die)-Lp 020 569